Szczegóły MARC21

Dicta : zbiór łacińskich sentencji, przysłów, zwrotów, powiedzeń z indeksem osobowym i tematycznym /

003 -Nazwa inst., której nr kontr. jest w polu 001 [,]
    • @
    • Nazwa instytucji, której n kontrolny jest w polu 001
    • NUKAT
005 -DATA I CZAS OSTATNIEJ MODYFIKACJI [,]
    • @
    • pole kontrolne
    • 20241231093613.0
020 -Międzynarod. znormalizowany nr książki - ISBN [ , ]
    • a
    • Numer ISBN
    • 9788373183445 Find
    • q
    • Dopowiedzenie
    • WAM
020 -Międzynarod. znormalizowany nr książki - ISBN [ , ]
    • a
    • Numer ISBN
    • 9788389631152 Find
    • q
    • Dopowiedzenie
    • Ignatianum
040 -Instytucja sporządzająca opis [ , ]
    • a
    • Instytucja, która sporządziła opis (NP)
    • WA U/48MK
    • c
    • Instytucja, która sporządziła rekord (NP)
    • WA U/MK
    • d
    • Instytucja, która zmodyfikowała rekord (P)
    • WA U/MK
    • d
    • Instytucja, która zmodyfikowała rekord (P)
    • KR 307/KMs
041 -Język dokumentu [1, ]
    • a
    • Język tekstu (P)
    • polski
    • a
    • Język tekstu (P)
    • łaciński
    • h
    • Język tekstu oryginalnego i/lub pośredniego (P)
    • łaciński
942 -Rodzaj dokumentu [ , ]
    • c
    • Rodzaj dokumentu
    • Książka
245 -Strefa tytułu i oznaczenia odpowiedzialności [0,0]
    • a
    • Tytuł
    • Dicta : Find
    • b
    • Ciąg dalszy tytułu (NP)
    • zbiór łacińskich sentencji, przysłów, zwrotów, powiedzeń z indeksem osobowym i tematycznym / Find
    • c
    • Pozostałe elementy strefy tytułu i oznaczenia odpowiedzialności (NP)
    • zebr., oprac. i zred. Czesław Michalunio.
250 -Strefa wydania [ , ]
    • a
    • Oznaczenie wydania (NP)
    • Wznowienie.
260 -Strefa adresu wydawniczego [ , ]
    • a
    • Miejsce wydania (P)
    • Kraków :
    • b
    • Nazwa wydawcy (P)
    • Wyższa Szkoła Filozoficzno-Pedagogiczna "Ignatianum" :
    • b
    • Nazwa wydawcy (P)
    • WAM,
    • c
    • Data wydania (P)
    • 2008.
300 -Strefa opisu fizycznego [ , ]
    • a
    • Określenie formy książki i/lub objętość (NP)
    • 745, [4] s. ;
    • c
    • Format (NP)
    • 24 cm.
336 -Typ zawartości [ , ]
    • a
    • Termin opisujący typ zawartości
    • Tekst
    • b
    • Kod określający zawartość
    • txt
    • 2
    • Źródło (terminu i kodu)
    • rdacontent
337 -Typ mediów [ , ]
    • a
    • Tryb odtwarzania
    • Bez urządzenia pośredniczącego
    • b
    • Kod typu mediów
    • n
    • 2
    • Źródło (terminu i kodu)
    • rdamedia
338 -Typ/rodzaj nośnika [ , ]
    • a
    • Hasło opisujące typ nośnika
    • Wolumin
    • b
    • Kod typu nośnika
    • nc
    • 2
    • Źródło (terminu i kodu)
    • rdacarrier
380 -Deskryptor - Forma dzieła (P) [ , ]
    • a
    • forma dzieła (NP)
    • Proza
386 -Deskryptor - przynależność kulturowa (P) [ , ]
    • m
    • Wyrażenie wprowadzające (NP)
    • Przynależność kulturowa
    • a
    • Przynależność kulturowa (NP)
    • Literatura łacińska
504 -Uwaga dot. bibliogr. załącznikowej [ , ]
    • a
    • Uwaga dot. bibliografii załącznikowej
    • Bibliogr. s. 745-[746]. Indeksy.
530 -Uwaga dot. innej postaci fizycznej dokumentu [ , ]
    • a
    • Uwaga dot. innej postaci fizycznej dokumentu
    • Publikacja dostępna również w formie elektronicznej.
546 -Uwaga dot. języka [ , ]
    • a
    • Uwaga dot. języka
    • Tekst równol. pol., łac.
080 -Uniwersalna Klasyfikacja Dziesiętna [ , ]
    • 2
    • Identyfikator wydania tablic
    • UDC-P058
    • 9
    • UKD
    • 10179
    • a
    • Symbol klasyfikacji
    • 821.124-84
    • b
    • Dopowiedzenie
    • Literatura łacińska. - Aforyzmy. Przysłowia. Złote myśli. Przypowieści. Cytaty.
    • 4
    • UKD2
    • 8450
    • x
    • Poddział wspólny
    • (082.2)
    • c
    • Dopowiedzenie poddz. wspólnego
    • (Antologie. Wypisy (różnych autorów). Cytaty. Fragmenty).
655 -Hasło w funkcji tematu formalnego [ ,7]
    • a
    • Hasło
    • Przysłowia łacińskie.
    • 2
    • Źródło terminu
    • kaba
    • 9
    • KHW
    • 126839
655 -Hasło w funkcji tematu formalnego [ ,7]
    • a
    • Hasło
    • Przysłowia łacińskie
    • v
    • Określnik formy
    • tłumaczenia polskie.
    • 2
    • Źródło terminu
    • kaba
    • 9
    • KHW
    • 357825
655 -Hasło w funkcji tematu formalnego [ ,7]
    • a
    • Hasło
    • Cytaty łacińskie.
    • 2
    • Źródło terminu
    • kaba
    • 9
    • KHW
    • 105302
655 -Hasło w funkcji tematu formalnego [ ,7]
    • a
    • Hasło
    • Cytaty łacińskie
    • v
    • Określnik formy
    • tłumaczenia polskie.
    • 2
    • Źródło terminu
    • kaba
    • 9
    • KHW
    • 357824
655 -Hasło w funkcji tematu formalnego [ ,7]
    • a
    • Hasło
    • Maksymy łacińskie.
    • 2
    • Źródło terminu
    • kaba
    • 9
    • KHW
    • 118043
655 -Hasło w funkcji tematu formalnego [ ,7]
    • a
    • Hasło
    • Maksymy łacińskie
    • v
    • Określnik formy
    • tłumaczenia polskie.
    • 2
    • Źródło terminu
    • kaba
    • 9
    • KHW
    • 381049
655 -Hasło w funkcji tematu formalnego [ ,7]
    • a
    • Hasło
    • Aforyzmy łacińskie
    • v
    • Określnik formy
    • tłumaczenia polskie.
    • 2
    • Źródło terminu
    • kaba
    • 9
    • KHW
    • 357823
655 -Hasło w funkcji tematu formalnego [ ,7]
    • a
    • Hasło
    • Aforyzmy łacińskie.
    • 2
    • Źródło terminu
    • kaba
    • 9
    • KHW
    • 100628
655 -Hasło w funkcji tematu formalnego [ ,7]
    • a
    • Hasło
    • Antologia
    • 2
    • Źródło terminu
    • DBN
    • 9
    • KHW
    • 721472
655 -Hasło w funkcji tematu formalnego [ ,7]
    • a
    • Hasło
    • Aforyzmy
    • 2
    • Źródło terminu
    • DBN
    • 9
    • KHW
    • 742578
655 -Hasło w funkcji tematu formalnego [ ,7]
    • a
    • Hasło
    • Cytaty
    • 2
    • Źródło terminu
    • DBN
    • 9
    • KHW
    • 190431
655 -Hasło w funkcji tematu formalnego [ ,7]
    • a
    • Hasło
    • Przysłowia
    • 2
    • Źródło terminu
    • DBN
    • 9
    • KHW
    • 190433
980 -Symbol UKD [ , ]
    • a
    • UKD
    • 821.124-84(082.2)
700 -Hasło dodatkowe - nazwa osobowa [1, ]
    • a
    • Nazwa osobowa (NP)
    • Michalunio, Czesław Find
    • d
    • Daty biograficzne (NP)
    • (1919-2013).
    • e
    • Określenie rodzaju współpracy
    • Oprac.
    • 9
    • KHW
    • 269195
710 -Hasło dodatkowe - nazwa ciała zbiorowego [2, ]
    • a
    • Nazwa ciała zbiorowego lub nazwa geograficzna jako pierwszy element (NP)
    • Wydawnictwo WAM (Kraków).
    • 4
    • Kod relacji
    • pbl
    • 9
    • KHW
    • 52865
710 -Hasło dodatkowe - nazwa ciała zbiorowego [2, ]
    • a
    • Nazwa ciała zbiorowego lub nazwa geograficzna jako pierwszy element (NP)
    • Wyższa Szkoła Filozoficzno-Pedagogiczna "Ignatianum".
    • 4
    • Kod relacji
    • pbl
    • 9
    • KHW
    • 257875
856 -Dostęp do wersji elektronicznej [4,1]
920 -ISBN [ , ]
    • a
    • ISBN
    • 978-83-7318-344-5 Find
    • q
    • Dopowiedzenie
    • WAM
920 -ISBN [ , ]
    • a
    • ISBN
    • 978-83-89631-15-2 Find
    • q
    • Dopowiedzenie
    • Ignatianum
Numer inwentarzowy Sygnatura Status udost. Lokalizacja Data inwentaryzacji
P.21767POL. Przysłowia, aforyzmy 181BM2009-11-20